书目信息 |
| 题名: |
廖俊波 —— “背石头上山”的领路人
|
|
| 作者: | 吴尔芬 著 | |
| 分册: | ||
| 出版信息: | 北京 党建读物出版社 2019.04 |
|
| 页数: | 134页 | |
| 开本: | 19cm | |
| 丛书名: | 中华人物故事汇 | |
| 单 册: | ||
| 中图分类: | K828.2=76 | |
| 科图分类: | ||
| 主题词: | 干部--gan bu--生平事迹--中国--现代--青少年读物 | |
| 电子资源: | ||
| ISBN: | 978-7-5099-1157-0 | |
| 000 | 01108nam 2200253 450 | |
| 001 | 29960 | |
| 005 | 20221116175625.36 | |
| 010 | @a978-7-5099-1157-0@dCNY18.00 | |
| 100 | @a20191024d2019 cemy0chiy50 ea | |
| 101 | 0 | @achi |
| 102 | @aCN@b110000 | |
| 105 | @aa z 000ac | |
| 200 | 1 | @a廖俊波 —— “背石头上山”的领路人@Aliao jun bo —— “ bei shi tou shang shan ”de ling lu ren@f吴尔芬著 |
| 210 | @a北京@c党建读物出版社@d2019.04 | |
| 215 | @a134页@c图@d19cm | |
| 225 | 2 | @a中华人物故事汇@Azhong hua ren wu gu shi hui@i中华先锋人物故事汇@h第一辑 |
| 314 | @a吴尔芬, 中国作家协会会员、厦门市作家协会副主席。 | |
| 330 | @a本书讲述了优秀共产党员廖俊波的故事。廖俊波同志生前是福建省南平市委常委、副市长, 武夷新区党工委书记, 全书围绕新时代青少年教育的需要, 重点选取富有代表性、能打动人的故事, 展现廖俊波的杰出品质、精神基因及社会影响。 | |
| 410 | 0 | @12001 @a中华人物故事汇@i中华先锋人物故事汇@h第一辑 |
| 606 | 0 | @a干部@Agan bu@x生平事迹@y中国@z现代@j青少年读物 |
| 690 | @aK828.2=76@v5 | |
| 701 | 0 | @a吴尔芬@Awu er fen@4著 |
| 801 | 0 | @aCN@c20220910 |
| 905 | @a河南城建学院图书馆@dK828.2=76@eW770@f2 | |
| 廖俊波 —— “背石头上山”的领路人/吴尔芬著.-北京:党建读物出版社,2019.04 |
| 134页:图;19cm.-(中华人物故事汇.中华先锋人物故事汇.第一辑) |
| ISBN 978-7-5099-1157-0:CNY18.00 |
| 本书讲述了优秀共产党员廖俊波的故事。廖俊波同志生前是福建省南平市委常委、副市长, 武夷新区党工委书记, 全书围绕新时代青少年教育的需要, 重点选取富有代表性、能打动人的故事, 展现廖俊波的杰出品质、精神基因及社会影响。 |
| ● |
| 相关链接 |
|
|
|
正题名:廖俊波 —— "背石头上山"的领路人
索取号:K828.2=76/W770
 
预约/预借
| 序号 | 登录号 | 条形码 | 馆藏地/架位号 | 状态 | 备注 |
| 1 | 1584079 | 215840794 | 社科库309/309社科库 60排1列3层/ [索取号:K828.2=76/W770] | 在馆 | |
| 2 | 1584080 | 215840801 | 社科库309/309社科库 60排1列3层/ [索取号:K828.2=76/W770] | 在馆 |